Catálogo
 En Linea

Informe del estudio de recursos humanos de nivel superior / (Registro nro. 50010)

Detalles MARC
000 -CABECERA
campo de control de longitud fija 00925nam a22002417a 4500
003 - IDENTIFICADOR DEL NÚMERO DE CONTROL
campo de control DO-SdBNP
005 - FECHA Y HORA DE LA ÚLTIMA TRANSACCIÓN
campo de control 20211022153613.0
007 - CAMPO FIJO DE DESCRIPCIÓN FÍSICA--INFORMACIÓN GENERAL
campo de control de longitud fija ta
008 - DATOS DE LONGITUD FIJA--INFORMACIÓN GENERAL
campo de control de longitud fija 210628b dr d|||fr|||| 00| 0 spa d
040 ## - FUENTE DE LA CATALOGACIÓN
Centro catalogador/agencia de origen DO-SdBNP
Lengua de catalogación spa
Centro/agencia transcriptor BNPHU
082 #4 - NÚMERO DE LA CLASIFICACIÓN DECIMAL DEWEY
Número de edición 22
Número de documento/Ítem H557i
100 1# - ENTRADA PRINCIPAL--NOMBRE DE PERSONA
Fechas asociadas al nombre Hernández R., Frank M.
9 (RLIN) 79015
245 10 - MENCIÓN DE TÍTULO
Título Informe del estudio de recursos humanos de nivel superior /
Mención de responsabilidad, etc. Frank M. Hernández
260 ## - PUBLICACIÓN, DISTRIBUCIÓN, ETC.
Lugar de publicación, distribución, etc. Santo Domingo :
Nombre del editor, distribuidor, etc. CEDEM,
Fecha de publicación, distribución, etc. [1971?].
300 ## - DESCRIPCIÓN FÍSICA
Extensión [75 p.] ;
Dimensiones 27 cm.
490 1# - MENCIÓN DE SERIE
Mención de serie Desarrollo Empresrial;
Designación de volumen o secuencia 1
505 2# - NOTA DE CONTENIDO CON FORMATO
Nota de contenido con formato Introducción.--
Título Hipótesis.--
-- Metodología.--
-- Justificación del estudio.--
-- La educación superior.--
-- La población profesional.--
-- Las profesiones.--
-- Conclusiones.--
-- Recomendaciones.--
-- Apéndice.
590 ## - NOTA LOCAL (RLIN)
Nota local Inventariado 2021 / MF
650 14 - PUNTO DE ACCESO ADICIONAL DE MATERIA--TÉRMINO DE MATERIA
9 (RLIN) 22497
Término de materia o nombre geográfico como elemento de entrada Recursos humanos
Subdivisión geográfica República Dominicana
830 #0 - PUNTO DE ACCESO ADICIONAL DE SERIE-TÍTULO UNIFORME
Título uniforme Desarrollo Empresrial
Número de parte o sección de la obra 1
9 (RLIN) 79016
910 ## - DATOS DE OPCIÓN DEL USUARIO (OCLC)
Datos de opción del usuario MF
942 ## - ELEMENTOS DE PUNTO DE ACCESO ADICIONAL (KOHA)
Fuente del sistema de clasificación o colocación Dewey Decimal Classification
Tipo de ítem Koha Manuscrito
Existencias
Estado de retiro Estado de pérdida Fuente del sistema de clasificación o colocación No para préstamo Código de colección Localización permanente Ubicación/localización actual Ubicación en estantería Fecha de adquisición Fuente de adquisición Total de préstamos Signatura topográfica completa Código de barras Fecha visto por última vez Precio válido a partir de Tipo de ítem Koha
    Dewey Decimal Classification Excluido de préstamo   Biblioteca Nacional Pedro Henríquez Ureña Patrimonio Dominicano Depósito 28.06.2014 Donado / Familia Reyes Duluc   BNPHU PD H557i 2021-2268 28.06.2021 28.06.2021 Manuscrito

Con tecnología Koha